00839 a2200181 4500020001500000040001300015082001200028100002600040245015200066250001200218260003700230300005800267490003900325650005300364650005700417856009100474856009200565 a0071445641 aDLCbDLC00a621.3921 aNavabi, Zainalabedin.10aVerilog digital system design: RT level synthesis, testbench and verificationbRT level synthesis, testbench and verificationcZainalabedin Navabi. a2nd ed. aNew York :bMcGraw-Hill,cc2006. axvi, 384 p. :bill. ;c24 cm. +e1 CD-ROM (4 3/4 in.)1 aMcGraw-Hill electronic engineering 0aVerilog (Computer hardware description language) 0aElectronic digital computersxComputer-aided design.423Publisher descriptionuhttp://www.loc.gov/catdir/enhancements/fy0668/2006271457-d.html423Table of contents onlyuhttp://www.loc.gov/catdir/enhancements/fy0668/2006271457-t.html